Rural home techniques; N3 Food preparation
में बचाया:
| मुख्य लेखक: | |
|---|---|
| स्वरूप: | पुस्तक |
| भाषा: | Undetermined |
| प्रकाशित: |
Rome
FAO
|
| विषय: | |
| टैग : |
टैग जोड़ें
कोई टैग नहीं, इस रिकॉर्ड को टैग करने वाले पहले व्यक्ति बनें!
|
| Thư viện lưu trữ: | Trung tâm Học liệu Trường Đại học Cần Thơ |
|---|
| LEADER | 00465nam a2200181Ia 4500 | ||
|---|---|---|---|
| 001 | CTU_29346 | ||
| 008 | 210402s9999 xx 000 0 und d | ||
| 082 | |a 643.3 | ||
| 082 | |b R948 | ||
| 100 | |a FAO | ||
| 245 | 0 | |a Rural home techniques; N3 | |
| 245 | 0 | |b Food preparation | |
| 245 | 0 | |c FAO | |
| 260 | |a Rome | ||
| 260 | |b FAO | ||
| 650 | |a home economics | ||
| 904 | |i Nguyễn Quang Điền, 990319 | ||
| 980 | |a Trung tâm Học liệu Trường Đại học Cần Thơ | ||